Frágil felicidad : (Record no. 166183)

MARC details
000 -CABECERA
campo de control de longitud fija 00697nam a2200217 a 4500
005 - FECHA Y HORA DE LA ÚLTIMA TRANSACCIÓN
campo de control 20240925070149.0
008 - ELEMENTOS DE LONGITUD FIJA--INFORMACIÓN GENERAL
campo de control de longitud fija 131119s2008 es r 000 0 spa d
020 ## - NÚMERO INTERNACIONAL NORMALIZADO PARA LIBROS
Número Internacional Estándar del Libro 9788474322590
035 ## - NÚMERO DE CONTROL DEL SISTEMA
Número de control de sistema UPN01000194082
049 ## - COLECCIÓN
Colección CG
050 #4 - SIGNATURA TOPOGRÁFICA DE LA BIBLIOTECA DEL CONGRESO
Número de clasificación B2133 S5
Número de documento/Ítem T9.3 2008
100 1# - ASIENTO PRINCIPAL--NOMBRE PERSONAL
Nombre de persona Todorov, Tzvetan,
Fechas asociadas al nombre 1939-
245 10 - MENCIÓN DE TÍTULO
Título Frágil felicidad :
Resto del título un ensayo sobre Rousseau /
Mención de responsabilidad, etc. Tzvetan Todorov ; tr. María Renata Segura.
250 ## - MENCIÓN DE EDICIÓN
Mención de edición 2a ed.
260 ## - PUBLICACIÓN, DISTRIBUCIÓN, ETC.
Lugar de publicación, distribución, etc. Barcelona, Esp. :
Nombre del editor, distribuidor, etc. Gedisa,
Fecha de publicación, distribución, etc. 2008.
300 ## - DESCRIPCIÓN FÍSICA
Extensión 122 p.
440 #0 - MENCIÓN DE SERIE/ASIENTO SECUNDARIO--TÍTULO
Título Cla.De.Ma.
Nombre de parte o sección de la obra Filosofía
534 ## - NOTA SOBRE LA VERSIÓN ORIGINAL
Frase introductoria Título original:
Mención de título del original Fréle bonheur
600 14 - ASIENTO SECUNDARIO DE MATERIA - NOMBRE PERSONAL
Nombre de persona Rousseau, Jean Jacques,
Fechas asociadas al nombre 1712-1778
Subdivisión general Crítica e interpretación
9 (RLIN) 4996
905 ## - TIPO DE MATERIAL
Tipo de material Libro
Holdings
Estado de retiro Estado de pérdida Fuente del sistema de clasificación o colocación Estado dañado No para préstamo Código de colección Localización permanente Ubicación/localización actual Ubicación en estantería Fecha de adquisición Total de préstamos Clasificación Código de barras Fecha visto por última vez Fecha del último préstamo Número de copia Tipo de ítem Koha
    Library of Congress Classification     Colección General Bib. Gregorio Torres Quintero Bib. Gregorio Torres Quintero Planta baja 09/05/2023 1 B2133 S5 T9.3 2008 299159 25/05/2023 09/05/2023 1 Libro
    Library of Congress Classification     Colección General Bib. Gregorio Torres Quintero Bib. Gregorio Torres Quintero Planta baja   1 B2133 S5 T9.3 2008 299158 31/12/2020   1 Libro
    Library of Congress Classification     Colección General Bib. Gregorio Torres Quintero Bib. Gregorio Torres Quintero Planta baja   2 B2133 S5 T9.3 2008 291548 31/12/2020   1 Libro